Le Panama pour les touristes... - Statistiques

Statistiques générales
  • Ce quiz a été pris 8 fois
    5 depuis la dernière actualisation
  • Le résultat moyen est 10 sur 20
Statistiques - réponses
Question Indice Réponses % Correct
Combien d'heures (environ) mettrez-vous pour vous y rendre ? (en chiffres) 12
100%
La conduite se fait à droite ou à gauche ? Droite
100%
Quelle est la langue officielle ? Espagnol
100%
Avez-vous besoin d'un visa ? (oui/non) Non
100%
Le principal aéroport est P Panama
100%
Quel est le climat local ? T Tropical
100%
La vitesse est limitée hors des villes à {100} km/h
80%
Dans la capitale quel est le décalage horaire avec Paris ? (+ ou - et chiffre) ex - 10 - 7
80%
Comment se nomme la principale compagnie aérienne locale A P Air Panama
80%
Quelle est la monnaie ? Balboa
60%
La religion majoritaire est Catholicisme
60%
Achats à faire 2/ Tissu Mola
40%
Quelles sont les principaux lieux touristiques ? P Baie de {Portobelo}
20%
Achats à faire 1/ Sombrero Pintado
20%
Quelles sont les principaux lieux touristiques ? B Boquete
0%
Quelles sont les principaux lieux touristiques ? C Chitré
0%
Achats à faire 3/ Sculpture de bois de Cocobolo
0%
Le suffixe internet est gt
0%
Quelles sont les principaux lieux touristiques ? P Pedasi
0%
Achats à faire 4/ Sculptures en graines de Tagua
0%
Aucun quiz correspondant
Distribution des résultats
% des personnes avec chaque résultat
Percentile par nombre de réponses
Votre historique - résultats
Vous n’avez pas pris ce quiz depuis la dernière actualisation